000 01179nam2a22002411 4500
001 rc\1121062
005 20250622192926.0
035 _a(NLR Aleph) 006381415
090 _a5083040
_c5083040
100 _a20041126d1981 |||y0rusy50 ca
101 0 _arus
102 _aRU
105 _aa |||||||||
200 0 _aЧ. 1
210 _d1981
_aБ. м.
215 _a124 с.
_cил.
320 _aБиблиогр. в конце статей
461 0 _1001rc\1121061
_12001#$aИспользование современных физических методов в неразрушающих исследованиях и контроле$eТез. докл.$fВсесоюз. конф. по прикл. физике (12-14 окт. 1981 г.)$vЧ. 1
_95083037
_cХабаровск
_d1981-
_fВсесоюз. конф. по прикл. физике (12-14 окт. 1981 г.)
_nБ. и.
_oТез. докл.
_tИспользование современных физических методов в неразрушающих исследованиях и контроле
_vЧ. 1
801 0 _aRU
_bNLR
_gpsbo
801 1 _aRU
_bELAR
_2rusmarc
852 _aNLR
_j82-3/1556
942 _cBOOK
980 _aNB